[Event "XXVII Festival Conca della Presolana B"]
[Site "Bratto - Castione della Presolana ITA"]
[Date "2007.08.24"]
[Round "1"]
[White "Pennati, Roberto"]
[Black "Sala, Giovanni"]
[Result "0-1"]
[WhiteElo "1777"]
[BlackElo "1935"]
[PlyCount "70"]
[EventDate "2007.08.24"]

1. c4 f5 2. d4 e6 3. Nc3 Nf6 4. Nf3 b6 5. Bg5 Bb7 6. d5 exd5 7. Nxd5 Bxd5 8.
cxd5 Bb4+ 9. Nd2 h6 10. Qb3 c5 11. a3 Ba5 12. Qh3 O-O 13. b4 cxb4 14. axb4 Bxb4
15. Qb3 a5 16. Bxf6 Qxf6 17. Rd1 Na6 18. e3 Nc5 19. Qa2 Ne4 20. Bc4 Nxd2 21.
Rxd2 Qc3 22. Ke2 Qxd2+ 23. Qxd2 Bxd2 24. Kxd2 Rfc8 25. Kd3 d6 26. Rb1 Rab8 27.
Bb5 Rc5 28. Bc4 b5 29. Ba2 Kf7 30. Kd4 Kf6 31. h4 a4 32. Rb4 Rbc8 33. Kd3 Rc3+
34. Kd4 Rc2 35. Bb1 R8c4+ 0-1

[Event "XXVII Festival Conca della Presolana B"]
[Site "Bratto - Castione della Presolana ITA"]
[Date "2007.08.24"]
[Round "1"]
[White "Primerano, Carlo"]
[Black "Barrera, Pietro"]
[Result "1-0"]
[WhiteElo "1740"]
[BlackElo "1905"]
[PlyCount "62"]
[EventDate "2007.08.24"]

1. d4 d5 2. c4 c6 3. cxd5 cxd5 4. Nf3 Nf6 5. Nc3 Nc6 6. Bf4 e6 7. e3 Bd6 8.
Bxd6 Qxd6 9. Rc1 O-O 10. Bd3 e5 11. dxe5 Nxe5 12. Nxe5 Qxe5 13. Be2 Bf5 14. O-O
Rad8 15. Qb3 Rfe8 16. Rfd1 Bg4 17. Rd4 h5 18. h3 Bxe2 19. Nxe2 Re7 20. Rb4 Ne4
21. Nd4 Nd2 22. Qd3 Ne4 23. Nf3 Qf6 24. Rd4 Red7 25. Qe2 g6 26. Rcd1 Qf5 27.
Nd2 Ng5 28. Rf4 Qc2 29. Rb4 Ne4 30. Qe1 b6 31. Nf1 Qxb2 1-0

[Event "XXVII Festival Conca della Presolana B"]
[Site "Bratto - Castione della Presolana ITA"]
[Date "2007.08.24"]
[Round "1"]
[White "Scarpellini, Felice"]
[Black "Cobas Ferrer, Dayami"]
[Result "0-1"]
[WhiteElo "1848"]
[BlackElo "1992"]
[PlyCount "78"]
[EventDate "2007.08.24"]

1. c4 d6 2. Nc3 e5 3. g3 Nf6 4. Bg2 Be7 5. Nf3 O-O 6. d4 Nbd7 7. O-O c6 8. e4
Re8 9. d5 Bf8 10. Nh4 g6 11. f4 exf4 12. Bxf4 cxd5 13. exd5 a6 14. Qd2 Ng4 15.
h3 Qb6+ 16. Kh1 Ne3 17. Bxe3 Qxe3 18. Qxe3 Rxe3 19. Nf3 Nb6 20. Nd2 Rxg3 21.
Nce4 Rd3 22. b3 f5 23. Rf2 fxe4 24. Raf1 Bxh3 25. Nxe4 Bf5 26. Kh2 Nd7 27. Ng3
Ne5 28. Bh3 Bxh3 29. Kxh3 Bg7 30. Kg2 Ng4 31. Rf3 Rd2+ 32. Kh3 Nh2 33. Ne4 Nxf3
34. Rxf3 Rxa2 35. Nxd6 b6 36. Ne4 Re8 37. Ng5 Rae2 38. Ne6 R2xe6 39. dxe6 Rxe6
0-1

[Event "XXVII Festival Conca della Presolana B"]
[Site "Bratto - Castione della Presolana ITA"]
[Date "2007.08.24"]
[Round "1"]
[White "Simone, Marco"]
[Black "Cicioni, Luigi"]
[Result "1-0"]
[WhiteElo "1904"]
[BlackElo "1718"]
[PlyCount "103"]
[EventDate "2007.08.24"]

1. e4 c5 2. c3 d5 3. exd5 Qxd5 4. d4 e5 5. dxe5 Qxd1+ 6. Kxd1 Nc6 7. f4 Bg4+ 8.
Be2 O-O-O+ 9. Ke1 h5 10. Nf3 f6 11. Be3 fxe5 12. Nxe5 Nxe5 13. fxe5 Nh6 14. Nd2
Re8 15. Nf3 Bxf3 16. Bxf3 Rxe5 17. Kd2 Be7 18. Rae1 Rd8+ 19. Kc2 Nf5 20. Bf4
Rxe1 21. Rxe1 g6 22. g4 hxg4 23. Bxg4 Bd6 24. Bxd6 Rxd6 25. Re5 b6 26. Bxf5+
gxf5 27. Rxf5 Rh6 28. Rf2 Rh3 29. Kd2 Kd7 30. Ke2 a5 31. Kf1 b5 32. Kg2 Rh8 33.
Kg3 Ke6 34. h4 a4 35. Rf4 Ke5 36. a3 Rg8+ 37. Rg4 Rh8 38. Rg5+ Kd6 39. h5 Kc6
40. Kf4 Rf8+ 41. Rf5 Rh8 42. Ke4 Rh6 43. Ke5 Kc7 44. Kd5 b4 45. Kxc5 bxc3 46.
bxc3 Rc6+ 47. Kb4 Ra6 48. Ra5 Rh6 49. Kxa4 Rc6 50. Kb4 Kb6 51. Rg5 Kc7 52. Rg6
1-0

[Event "XXVII Festival Conca della Presolana B"]
[Site "Bratto - Castione della Presolana ITA"]
[Date "2007.08.24"]
[Round "1"]
[White "Stella, Luca"]
[Black "Trussardi, Giuseppe"]
[Result "1/2-1/2"]
[WhiteElo "1855"]
[BlackElo "1702"]
[PlyCount "62"]
[EventDate "2007.08.24"]

1. e4 d6 2. d4 Nf6 3. Nc3 c6 4. f4 g6 5. Nf3 Bg7 6. Be3 Bg4 7. Be2 O-O 8. h3
Bc8 9. O-O Qc7 10. Qe1 e6 11. Qf2 Nbd7 12. Rad1 b5 13. e5 dxe5 14. dxe5 Nd5 15.
Nxd5 exd5 16. Nd4 Nb6 17. b3 Bd7 18. g4 c5 19. Nxb5 Bxb5 20. Bxb5 d4 21. Bd2 a6
22. Be2 Nd5 23. Bf3 Rad8 24. Bxd5 Rxd5 25. Qf3 Rfd8 26. h4 d3 27. c4 R5d7 28.
Rf2 a5 29. Bc1 a4 30. Rfd2 axb3 31. axb3 Qa5 1/2-1/2

[Event "XXVII Festival Conca della Presolana B"]
[Site "Bratto - Castione della Presolana ITA"]
[Date "2007.08.24"]
[Round "1"]
[White "Tafur, Abel"]
[Black "Davi, Alessandro"]
[Result "1-0"]
[WhiteElo "1984"]
[BlackElo "1834"]
[PlyCount "109"]
[EventDate "2007.08.24"]

1. e4 c6 2. d4 d5 3. exd5 cxd5 4. Nf3 Nf6 5. Be2 Bg4 6. O-O e6 7. c4 dxc4 8.
Qa4+ Nbd7 9. Qxc4 Be7 10. Nc3 O-O 11. Rd1 h6 12. a4 Nb6 13. Qb3 Nbd5 14. a5
Nxc3 15. bxc3 Nd5 16. c4 Nb4 17. Ba3 Qxa5 18. Rdb1 Nc2 19. Qxc2 Bxa3 20. Qb3
Bf5 21. Rxa3 Qxa3 22. Qxa3 Bxb1 23. Nd2 Bg6 24. Bf3 Rab8 25. h3 a6 26. Nb3 Rfd8
27. Qb2 b6 28. Qc3 Rd7 29. c5 bxc5 30. Nxc5 Rc8 31. Qb4 Rd6 32. Nb7 Rd7 33. Qa4
Rcc7 34. Nc5 Rd6 35. Qe8+ Kh7 36. Qb8 Rcd7 37. Nxd7 Rxd7 38. Qc8 Rxd4 39. Qxa6
e5 40. Qa7 f6 41. g3 Rd2 42. Qa5 Rd4 43. Qc5 Rd3 44. Qc6 Rd2 45. Qa8 Rd7 46. h4
f5 47. Bd5 Bf7 48. Bxf7 Rxf7 49. Qe8 Rf6 50. Qxe5 Kg6 51. Kg2 h5 52. Qe8+ Kh6
53. Qe3+ f4 54. gxf4 Rg6+ 55. Kh3 1-0

[Event "XXVII Festival Conca della Presolana B"]
[Site "Bratto - Castione della Presolana ITA"]
[Date "2007.08.24"]
[Round "1"]
[White "Tonel, Giulia"]
[Black "Gazzetta, Marco"]
[Result "0-1"]
[WhiteElo "1934"]
[BlackElo "1769"]
[PlyCount "86"]
[EventDate "2007.08.24"]

1. e4 e6 2. d4 d5 3. Nd2 dxe4 4. Nxe4 Nd7 5. Nf3 Ngf6 6. Ng3 c5 7. c3 cxd4 8.
cxd4 Bb4+ 9. Bd2 Qa5 10. Bc4 b5 11. Bb3 Bxd2+ 12. Qxd2 Qxd2+ 13. Nxd2 Bb7 14.
f3 Ke7 15. Kf2 Nd5 16. Nde4 Nf4 17. Rhd1 Rac8 18. Rd2 Rc7 19. Nf1 Rhc8 20. Ne3
b4 21. a3 bxa3 22. Rxa3 a6 23. Bc4 Rxc4 24. Nxc4 Rxc4 25. Rb3 Bc6 26. Ra3 Bb5
27. Nc3 Nb6 28. Nxb5 axb5 29. Rb3 b4 30. g3 Nfd5 31. f4 Nf6 32. Kf3 Nbd5 33. g4
Rc1 34. f5 exf5 35. gxf5 Rf1+ 36. Rf2 Rxf2+ 37. Kxf2 Ng4+ 38. Kg3 Nge3 39. Kf3
Nxf5 40. Ke4 Ke6 41. Rf3 Nd6+ 42. Kd3 f5 43. Rg3 g6 0-1

[Event "XXVII Festival Conca della Presolana B"]
[Site "Bratto - Castione della Presolana ITA"]
[Date "2007.08.24"]
[Round "1"]
[White "Viglino, Antonio"]
[Black "Franciosi, Fausto"]
[Result "0-1"]
[WhiteElo "1871"]
[BlackElo "1698"]
[PlyCount "104"]
[EventDate "2007.08.24"]

1. Nf3 d5 2. d4 c6 3. c4 Nf6 4. Nc3 Bf5 5. Qb3 Qb6 6. c5 Qxb3 7. axb3 e6 8. e3
Be7 9. b4 O-O 10. b5 Ne4 11. Na4 Nd7 12. Be2 Rfb8 13. O-O e5 14. b4 Bf6 15. Bb2
Bg4 16. h3 Bxf3 17. gxf3 Ng5 18. dxe5 Bxe5 19. Bxe5 Nxe5 20. f4 Ngf3+ 21. Bxf3
Nxf3+ 22. Kg2 Nh4+ 23. Kg3 Nf5+ 24. Kf3 Re8 25. Nc3 d4 26. e4 Nh4+ 27. Kg4 dxc3
28. Kxh4 Rxe4 29. Rfe1 Rxf4+ 30. Kg3 g5 31. b6 a6 32. Re7 Rb8 33. Rc1 Rc4 34.
Re3 Kf8 35. Rexc3 Rxb4 36. Rd3 a5 37. Rd7 Re4 38. Ra1 a4 39. Ra3 h5 40. Rf3 Re7
41. Rd4 Ra8 42. Ra3 Kg7 43. Raxa4 Rxa4 44. Rxa4 Kg6 45. Kf3 f5 46. h4 gxh4 47.
Rxh4 Kg5 48. Rh1 h4 49. Rg1+ Kh5 50. Kf4 h3 51. Kg3 Rg7+ 52. Kh2 Rxg1 0-1

[Event "XXVII Festival Conca della Presolana B"]
[Site "Bratto - Castione della Presolana ITA"]
[Date "2007.08.24"]
[Round "1"]
[White "Vocaturo, Ilaria"]
[Black "Cambieri, Mario"]
[Result "1/2-1/2"]
[WhiteElo "1698"]
[BlackElo "1867"]
[PlyCount "90"]
[EventDate "2007.08.24"]

1. d4 Nf6 2. Nf3 e6 3. Bg5 Be7 4. e3 c5 5. c3 b6 6. Bd3 Bb7 7. Nbd2 d6 8. O-O
O-O 9. Qc2 Nbd7 10. e4 cxd4 11. cxd4 e5 12. Rfe1 Rc8 13. Qd1 exd4 14. Nxd4 Nc5
15. Qe2 Nxd3 16. Qxd3 h6 17. Bh4 Ng4 18. Bxe7 Qxe7 19. Nf5 Qf6 20. Qxd6 Qxd6
21. Nxd6 Rcd8 22. Nxb7 Rxd2 23. f3 Ne5 24. Red1 Rxb2 25. a4 Rc8 26. Rdb1 Rd2
27. Rd1 Rcc2 28. Rxd2 Rxd2 29. a5 Rd7 30. a6 Rd2 31. f4 Nd3 32. g3 Nb4 33. Ra4
Rd4 34. e5 Nc6 35. Ra1 Rd7 36. Nd6 f6 37. Rc1 Nd4 38. Kg2 fxe5 39. fxe5 Ne6 40.
Rc8+ Rd8 41. Rxd8+ Nxd8 42. Nb5 Nc6 43. Kf2 Kf7 44. Ke3 Nb8 45. Nxa7 Nxa6
1/2-1/2

[Event "XXVII Festival Conca della Presolana B"]
[Site "Bratto - Castione della Presolana ITA"]
[Date "2007.08.25"]
[Round "2"]
[White "Autino, Massimiliano"]
[Black "Brunello, Roberta"]
[Result "0-1"]
[WhiteElo "1779"]
[BlackElo "1953"]
[PlyCount "72"]
[EventDate "2007.08.24"]

1. d4 d5 2. Nf3 Nf6 3. e3 e6 4. Bd3 Bd6 5. Nbd2 O-O 6. O-O Nbd7 7. c3 Re8 8.
Re1 e5 9. dxe5 Nxe5 10. Nxe5 Bxe5 11. Nf3 Bd6 12. h3 Ne4 13. Qc2 Qf6 14. Bxe4
dxe4 15. Nd2 Qg6 16. Kh1 Re5 17. f4 exf3 18. Qxg6 hxg6 19. Nxf3 Re7 20. b3 Bf5
21. Nd4 Be4 22. Nb5 Bg3 23. Rd1 Rae8 24. Ba3 Re6 25. Nd4 Rf6 26. Ne2 Bf2 27.
Bc5 b6 28. Bd4 Rf5 29. c4 c5 30. Bc3 Bc6 31. Rd6 Ba8 32. Rad1 Bh4 33. Nf4 Rxe3
34. Bd2 Re8 35. Kg1 Bg3 36. Rf1 g5 0-1

[Event "XXVII Festival Conca della Presolana B"]
[Site "Bratto - Castione della Presolana ITA"]
[Date "2007.08.25"]
[Round "2"]
[White "Barrera, Pietro"]
[Black "Bocceda, Carlo"]
[Result "1/2-1/2"]
[WhiteElo "1905"]
[BlackElo "1739"]
[PlyCount "94"]
[EventDate "2007.08.24"]

1. d4 Nf6 2. Nf3 d5 3. Bf4 Bf5 4. e3 e6 5. Be2 Bd6 6. Bg3 Ne4 7. Nfd2 Nxg3 8.
hxg3 Nd7 9. c4 c6 10. Nc3 Nf6 11. f4 Bb4 12. Qb3 Qe7 13. c5 Bxc3 14. Qxc3 Be4
15. Kf2 Bf5 16. Bf3 Ng4+ 17. Bxg4 Bxg4 18. e4 O-O 19. Rh4 h5 20. Qe3 Qf6 21.
Nf3 dxe4 22. Ne5 Rad8 23. Rah1 g6 24. Nxg4 hxg4 25. Qxe4 Qf5 26. Ke3 Kg7 27.
Qe5+ Qxe5+ 28. fxe5 Rh8 29. Rxh8 Rxh8 30. Rxh8 Kxh8 31. Kf4 Kh7 32. Kg5 Kg7 33.
a3 Kf8 34. Kf6 Ke8 35. Kg7 Ke7 36. b3 Ke8 37. Kf6 Kf8 38. b4 a6 39. a4 Ke8 40.
Kg5 Kf8 41. Kxg4 Kg7 42. Kf4 Kh6 43. g4 Kg7 44. g5 Kf8 45. Ke4 Ke7 46. Kd3 Kd7
47. Kc4 Kc7 1/2-1/2

[Event "XXVII Festival Conca della Presolana B"]
[Site "Bratto - Castione della Presolana ITA"]
[Date "2007.08.25"]
[Round "2"]
[White "Biava, Pierluigi"]
[Black "Cocuzzi, Edoardo"]
[Result "1-0"]
[WhiteElo "1739"]
[BlackElo "1887"]
[PlyCount "49"]
[EventDate "2007.08.24"]

1. d4 d5 2. Nf3 Nf6 3. Nbd2 c6 4. c4 e6 5. Qc2 Bb4 6. c5 Nbd7 7. a3 Bxd2+ 8.
Nxd2 e5 9. Nf3 exd4 10. Nxd4 Ne4 11. b4 Qf6 12. e3 Ne5 13. h4 O-O 14. Bb2 Re8
15. Nf3 Nxf3+ 16. gxf3 Qxf3 17. Rg1 Nxf2 18. Rxg7+ Kf8 19. Qxf2 Rxe3+ 20. Be2
Bg4 21. Rxg4 Rxe2+ 22. Qxe2 Qh1+ 23. Kd2 Qh3 24. Bg7+ Kg8 25. Bh6+ 1-0

[Event "XXVII Festival Conca della Presolana B"]
[Site "Bratto - Castione della Presolana ITA"]
[Date "2007.08.25"]
[Round "2"]
[White "Bitossi, Massimo"]
[Black "Bini, Gabriele"]
[Result "1-0"]
[WhiteElo "1892"]
[BlackElo "1601"]
[PlyCount "29"]
[EventDate "2007.08.24"]

1. d4 Nf6 2. Nc3 g6 3. e4 d6 4. Be2 Bg7 5. g4 O-O 6. g5 Ne8 7. h4 b6 8. h5 Bb7
9. hxg6 fxg6 10. Bc4+ Kh8 11. Qg4 h6 12. Be3 h5 13. Rxh5+ gxh5 14. Qxh5+ Bh6
15. Qxh6# 1-0

[Event "XXVII Festival Conca della Presolana B"]
[Site "Bratto - Castione della Presolana ITA"]
[Date "2007.08.25"]
[Round "2"]
[White "Boccalatte, Piero"]
[Black "Pennati, Roberto"]
[Result "1-0"]
[WhiteElo "1975"]
[BlackElo "1777"]
[PlyCount "149"]
[EventDate "2007.08.24"]

1. d4 e6 2. c4 g6 3. Nc3 Bg7 4. e4 d6 5. Be3 Nf6 6. Bd3 Nbd7 7. h3 e5 8. d5 Nc5
9. Bc2 a5 10. Nge2 Bd7 11. O-O O-O 12. b3 Ne8 13. Qd2 f5 14. exf5 Bxf5 15. Bxf5
Rxf5 16. Ng3 Rf7 17. Nce4 Nxe4 18. Nxe4 Qh4 19. Ng5 Rd7 20. Ne6 Nf6 21. f3 Nh5
22. Bg5 Qg3 23. Rae1 Rf7 24. Re4 Nf4 25. Bxf4 exf4 26. Nxg7 Kxg7 27. Rfe1 b6
28. Qd4+ Kh6 29. R1e2 Raf8 30. Re7 Qh4 31. Qe4 Qxe7 32. Qxe7 Rxe7 33. Rxe7 Rc8
34. h4 c6 35. dxc6 Rxc6 36. Rd7 a4 37. Kh2 axb3 38. axb3 b5 39. Kh3 bxc4 40.
bxc4 Rxc4 41. Rxd6 Rc2 42. Rf6 Rc4 43. Kg4 Rc2 44. Kh3 Rc4 45. Rf7 Rd4 46. Re7
Rd2 47. Re4 g5 48. Re7 gxh4 49. Rf7 Kg5 50. Rxh7 Rd1 51. Kh2 Rc1 52. Rg7+ Kh5
53. Rg8 Rd1 54. Rg4 h3 55. gxh3 Rd2+ 56. Kg1 Rd1+ 57. Kf2 Rd2+ 58. Ke1 Rh2 59.
Rxf4 Rxh3 60. Ke2 Kg5 61. Rf8 Kg6 62. Ke3 Kg7 63. Rf5 Rh1 64. Ke4 Re1+ 65. Kf4
Kg6 66. Rb5 Kf6 67. Rb6+ Kf7 68. Kf5 Re7 69. f4 Kg7 70. Kg5 Rf7 71. f5 Kf8 72.
f6 Ra7 73. Kg6 Ra8 74. Rb5 Rc8 75. Rh5 1-0

[Event "XXVII Festival Conca della Presolana B"]
[Site "Bratto - Castione della Presolana ITA"]
[Date "2007.08.25"]
[Round "2"]
[White "Buono, Valerio"]
[Black "Acunzo, Domenico"]
[Result "1-0"]
[WhiteElo "1965"]
[BlackElo "1776"]
[PlyCount "39"]
[EventDate "2007.08.24"]

1. e4 e6 2. d4 d5 3. exd5 exd5 4. Bd3 c5 5. dxc5 Bxc5 6. Nf3 Nf6 7. h3 O-O 8.
O-O Qd6 9. Nc3 a6 10. Re1 Nc6 11. Bg5 Nb4 12. a3 Nxd3 13. Qxd3 Bxh3 14. Ne5 Bc8
15. b4 Bb6 16. Nc4 Qc6 17. Nxb6 Qxb6 18. Bxf6 Qxf6 19. Nxd5 Qg6 20. Ne7+ 1-0

[Event "XXVII Festival Conca della Presolana B"]
[Site "Bratto - Castione della Presolana ITA"]
[Date "2007.08.25"]
[Round "2"]
[White "Cambieri, Mario"]
[Black "Stella, Luca"]
[Result "1/2-1/2"]
[WhiteElo "1867"]
[BlackElo "1855"]
[PlyCount "64"]
[EventDate "2007.08.24"]

1. c4 b6 2. d4 Nf6 3. Nf3 e6 4. g3 Bb7 5. Bg2 Be7 6. O-O d6 7. Nc3 Nbd7 8. Re1
Nf8 9. Qc2 Ng6 10. e4 O-O 11. Ng5 Nd7 12. Nh3 c5 13. d5 exd5 14. exd5 a6 15.
Ne4 Nf6 16. Bd2 b5 17. b3 b4 18. Nf4 Qc7 19. Re2 Rae8 20. Rae1 Qd8 21. Nxg6
hxg6 22. Nxc5 dxc5 23. d6 Bxd6 24. Bxb7 Qb6 25. Bg2 Qc7 26. Be3 Re7 27. Rd1
Rfe8 28. Qd3 Be5 29. Bg5 Rd7 30. Qc2 Rxd1+ 31. Qxd1 Re7 32. Qe1 Bd6 1/2-1/2

[Event "XXVII Festival Conca della Presolana B"]
[Site "Bratto - Castione della Presolana ITA"]
[Date "2007.08.25"]
[Round "2"]
[White "Cicioni, Luigi"]
[Black "Crimi, Alessandro"]
[Result "0-1"]
[WhiteElo "1718"]
[BlackElo "1918"]
[PlyCount "71"]
[EventDate "2007.08.24"]

1. Nf3 Nf6 2. d4 c5 3. g3 g6 4. Bg2 Bg7 5. O-O cxd4 6. Nxd4 Nc6 7. c4 Qb6 8.
Nb5 O-O 9. N1c3 d6 10. Na4 Qd8 11. Be3 Ng4 12. Bf4 a6 13. Nbc3 Bd7 14. Nd5 Bd4
15. c5 dxc5 16. Nab6 Be6 17. Bc7 Qe8 18. Nxa8 Qxa8 19. e3 Bg7 20. Nf4 Qc8 21.
Bb6 Bc4 22. Nd3 Nb4 23. Nxc5 Bxf1 24. Qxf1 Qf5 25. Be4 Qf6 26. Nd7 Qe6 27. Nxf8
Qxb6 28. Qe2 Nf6 29. Rc1 Bxf8 30. Bg2 Bh6 31. Rc8+ Kg7 32. Qc4 Bxe3 33. fxe3
Qxe3+ 34. Kh1 Nd3 35. Bxb7 Qe2 36. Qc2 0-1

[Event "XXVII Festival Conca della Presolana B"]
[Site "Bratto - Castione della Presolana ITA"]
[Date "2007.08.25"]
[Round "2"]
[White "Cobas Ferrer, Dayami"]
[Black "Orsatti, Marcello"]
[Result "1/2-1/2"]
[WhiteElo "1992"]
[BlackElo "1857"]
[PlyCount "58"]
[EventDate "2007.08.24"]

1. e4 d6 2. d4 Nf6 3. Nc3 c6 4. f4 Qa5 5. Bd3 e5 6. Nf3 Bg4 7. dxe5 dxe5 8.
fxe5 Nfd7 9. e6 Bxe6 10. O-O Bc5+ 11. Kh1 h6 12. Qe2 b5 13. e5 Na6 14. Qe4 Rc8
15. Qe2 Nb4 16. a3 Nxd3 17. cxd3 Qb6 18. Ne4 Be7 19. Be3 Qc7 20. Bf4 Nb6 21.
Nd4 Qd7 22. Nd6+ Bxd6 23. exd6 O-O 24. Rae1 Rce8 25. Qf3 Bd5 26. Qg3 Kh7 27.
Rxe8 Rxe8 28. Be5 f6 29. Bf4 c5 1/2-1/2

[Event "XXVII Festival Conca della Presolana B"]
[Site "Bratto - Castione della Presolana ITA"]
[Date "2007.08.25"]
[Round "2"]
[White "Davi, Alessandro"]
[Black "Antoniacci, Riccardo"]
[Result "1-0"]
[WhiteElo "1834"]
[BlackElo "1989"]
[PlyCount "139"]
[EventDate "2007.08.24"]

1. d4 Nf6 2. c4 e6 3. Nf3 c5 4. Nc3 d5 5. e3 Nc6 6. Be2 b6 7. O-O Be7 8. a3 O-O
9. Qc2 Bb7 10. Rd1 Qb8 11. Bd3 dxc4 12. Bxc4 Na5 13. Be2 Qc7 14. dxc5 bxc5 15.
e4 c4 16. Bg5 Nb3 17. Rab1 Ba6 18. Bh4 Rac8 19. Bg3 Qc5 20. Nd2 Nd4 21. Qc1
Nxe2+ 22. Nxe2 Rfd8 23. Qc2 Ng4 24. Nf3 Rd3 25. Nf4 Rb3 26. Rbc1 Bf6 27. Qxb3
cxb3 28. Rxc5 Rxc5 29. h3 Nh6 30. Nd4 e5 31. Nxb3 Rb5 32. Rd6 exf4 33. Bxf4 Rb6
34. e5 Be7 35. Rxb6 axb6 36. Nd4 g5 37. Be3 Bd3 38. Nc6 Bc5 39. Bxg5 Nf5 40. b4
Bf8 41. g4 Be4 42. b5 Bh6 43. Bd8 Ng7 44. g5 Ne6 45. gxh6 Bd3 46. Bxb6 Bxb5 47.
Nd4 Ba4 48. Nxe6 fxe6 49. Kg2 Kf7 50. Bc5 Kg6 51. Bf8 Kf5 52. Bg7 Kf4 53. h4
Bb5 54. Bf6 Bc6+ 55. Kf1 Ke4 56. Ke2 Kd4 57. Kd2 Ba4 58. f4 Bc6 59. Bd8 Kc4 60.
Ke3 Kc3 61. f5 exf5 62. e6 Kc4 63. Kf4 Kd5 64. Kxf5 Kd6 65. Kf6 Be8 66. Be7+
Kd5 67. Bb4 Bg6 68. e7 Kc6 69. Kg7 Kd7 70. a4 1-0

[Event "XXVII Festival Conca della Presolana B"]
[Site "Bratto - Castione della Presolana ITA"]
[Date "2007.08.25"]
[Round "2"]
[White "De Bortoli, Thomas"]
[Black "Fontanesi, Riccardo"]
[Result "1-0"]
[WhiteElo "1617"]
[BlackElo "1837"]
[PlyCount "95"]
[EventDate "2007.08.24"]

1. e4 Nf6 2. Nc3 d5 3. exd5 Nxd5 4. Bc4 e6 5. Nf3 Nxc3 6. bxc3 c5 7. O-O Bd6 8.
d4 O-O 9. Bb2 Nd7 10. Re1 Nf6 11. Qd2 b6 12. Rad1 Bb7 13. Ne5 Bxe5 14. Rxe5 Qc7
15. Qf4 Rad8 16. Bd3 Qc6 17. f3 c4 18. Be4 Nxe4 19. Qxe4 Qc7 20. Qg4 Rd5 21.
Rde1 Rfd8 22. Bc1 Kf8 23. Bf4 f5 24. Qh4 Rxe5 25. Rxe5 Qd7 26. Qxh7 Re8 27. Bh6
Qf7 28. Qh8+ Ke7 29. Bg5+ Kd7 30. Qh4 Bd5 31. Bc1 Qg6 32. Qg5 Qxg5 33. Bxg5 Rb8
34. Bf4 Rb7 35. Kf2 b5 36. a3 Rb6 37. g4 g6 38. h4 Ke8 39. gxf5 gxf5 40. h5 Rb7
41. Re1 Kf8 42. Rg1 a5 43. h6 a4 44. Bd6+ Ke8 45. Rg8+ Kf7 46. Rg7+ Ke8 47.
Rxb7 Bxb7 48. h7 1-0

[Event "XXVII Festival Conca della Presolana B"]
[Site "Bratto - Castione della Presolana ITA"]
[Date "2007.08.25"]
[Round "2"]
[White "Delledonne, Francesco"]
[Black "Di Donato, Giovanni"]
[Result "1-0"]
[WhiteElo "1822"]
[BlackElo "1939"]
[PlyCount "183"]
[EventDate "2007.08.24"]

1. Nf3 d5 2. d4 Nf6 3. c4 c6 4. e3 a6 5. Nc3 b5 6. c5 Bg4 7. Be2 Nbd7 8. h3 Bh5
9. O-O Bxf3 10. Bxf3 e5 11. e4 exd4 12. exd5 Nxc5 13. Re1+ Be7 14. Qxd4 Ne6 15.
Qd1 cxd5 16. Nxd5 Nxd5 17. Bxd5 Rc8 18. Bxe6 fxe6 19. Qxd8+ Rxd8 20. Rxe6 Rd1+
21. Kh2 Rd6 22. Re2 Kf7 23. Bf4 Rd7 24. Rae1 Bb4 25. Rc1 Ra8 26. Rec2 Bd6 27.
Bxd6 Rxd6 28. Rc7+ Kf6 29. R1c6 Rad8 30. b4 h6 31. Kg3 g6 32. Kf4 h5 33. h4 Ke6
34. Ke4 Kf6 35. g3 Re8+ 36. Kf3 Ree6 37. Rxd6 Rxd6 38. Rc3 Ke5 39. Ke3 Kf5 40.
Kf3 Ke5 41. Ke3 Kf5 42. Rd3 Rc6 43. f3 Ke5 44. Kd2 Rc4 45. a3 Rc6 46. Rd8 Rf6
47. Rd3 Rc6 48. Rc3 Rd6+ 49. Ke2 Rb6 50. Ke3 Rd6 51. Rc5+ Kf6 52. Ke4 Re6+ 53.
Kf4 Rd6 54. Rc8 Rd4+ 55. Ke3 Rd6 56. Ke4 Re6+ 57. Kd4 Ke7 58. Rc5 Kf6 59. Rc7
a5 60. bxa5 Ra6 61. Kc5 Rxa5 62. Kb4 Ra4+ 63. Kb3 Rd4 64. Rc5 Rd3+ 65. Rc3 Rd5
66. Kb4 Re5 67. Rc6+ Kf7 68. Rc5 Re3 69. Rc3 Re5 70. Ka5 Rf5 71. Re3 Kf6 72. f4
Rd5 73. Kb6 Kf7 74. Kc6 Rd1 75. Kxb5 Rb1+ 76. Ka5 Kf6 77. Re5 Rb3 78. Rg5 Rxa3+
79. Kb4 Rf3 80. Kc4 Ra3 81. Kb5 Re3 82. Kc6 Rc3+ 83. Kd7 Rd3+ 84. Ke8 Re3+ 85.
Kf8 Ra3 86. Kg8 Ra8+ 87. Kh7 Ra7+ 88. Kh6 Rg7 89. f5 Ra7 90. fxg6 Ra8 91. Kh7
Rb8 92. g7 1-0

[Event "XXVII Festival Conca della Presolana B"]
[Site "Bratto - Castione della Presolana ITA"]
[Date "2007.08.25"]
[Round "2"]
[White "Fiorili, Roberto"]
[Black "Chiarion, Elisa"]
[Result "1/2-1/2"]
[WhiteElo "1946"]
[BlackElo "1814"]
[PlyCount "85"]
[EventDate "2007.08.24"]

1. e4 c5 2. Nf3 d6 3. d4 cxd4 4. Nxd4 Nf6 5. Nc3 g6 6. Be3 Bg7 7. f3 O-O 8. Qd2
Nc6 9. O-O-O Bd7 10. g4 a6 11. h4 b5 12. h5 b4 13. Nce2 Qa5 14. Kb1 Rfc8 15.
hxg6 fxg6 16. Bh6 Bh8 17. Nb3 Qd8 18. Nf4 Ne5 19. g5 Ne8 20. Qd5+ Nf7 21. Bc4
e6 22. Nxe6 Qe7 23. Nf8 Bc6 24. Qxf7+ Qxf7 25. Bxf7+ Kxf7 26. Nxh7 Be5 27. Rh4
Kg8 28. Nf6+ Nxf6 29. gxf6 Kf7 30. Bg7 Rd8 31. Rg1 Rg8 32. Nd2 Bxf6 33. Bxf6
Kxf6 34. e5+ Kxe5 35. Rxb4 Raf8 36. Rb6 Bxf3 37. Nxf3+ Rxf3 38. Rxa6 g5 39. a4
g4 40. Re1+ Kd5 41. Rd1+ Ke4 42. Raxd6 g3 43. Re6+ 1/2-1/2

[Event "XXVII Festival Conca della Presolana B"]
[Site "Bratto - Castione della Presolana ITA"]
[Date "2007.08.25"]
[Round "2"]
[White "Franciosi, Fausto"]
[Black "Mazzetta, Renato"]
[Result "1/2-1/2"]
[WhiteElo "1698"]
[BlackElo "1864"]
[PlyCount "34"]
[EventDate "2007.08.24"]

1. e4 d5 2. exd5 Qxd5 3. Nc3 Qd6 4. d4 Nf6 5. g3 c6 6. Bf4 Qb4 7. Rb1 Bf5 8.
Bg2 e6 9. Nge2 Be7 10. O-O O-O 11. a3 Qa5 12. Qd2 Qd8 13. Nd1 Nd5 14. Ne3 Nxf4
15. Nxf4 Bg6 16. Nxg6 hxg6 17. Rbd1 Nd7 1/2-1/2

[Event "XXVII Festival Conca della Presolana B"]
[Site "Bratto - Castione della Presolana ITA"]
[Date "2007.08.25"]
[Round "2"]
[White "Gazzetta, Marco"]
[Black "Simone, Marco"]
[Result "0-1"]
[WhiteElo "1769"]
[BlackElo "1904"]
[PlyCount "66"]
[EventDate "2007.08.24"]

1. c4 g6 2. Nc3 Bg7 3. g3 c6 4. Bg2 d6 5. e3 Nd7 6. f4 Nb6 7. b3 d5 8. c5 Nd7
9. d4 Nxc5 10. Ba3 Qa5 11. Bb2 Bf5 12. Qd2 Nd3+ 13. Kd1 Nf6 14. Bf1 Nxb2+ 15.
Qxb2 Ne4 16. b4 Nxc3+ 17. Qxc3 Qa4+ 18. Ke2 a5 19. bxa5 Rxa5 20. Kf2 O-O 21.
Nf3 c5 22. Be2 c4 23. Rhc1 b5 24. a3 Ra7 25. Nd2 Qa5 26. Qb2 Rc7 27. Rc3 Rfc8
28. Bf3 e6 29. g4 Bd3 30. Bd1 Bf8 31. Nf3 b4 32. Rcc1 bxa3 33. Qc3 Bb4 0-1

[Event "XXVII Festival Conca della Presolana B"]
[Site "Bratto - Castione della Presolana ITA"]
[Date "2007.08.25"]
[Round "2"]
[White "Gozzini, Giambattista"]
[Black "Dorati, Giuseppe"]
[Result "0-1"]
[WhiteElo "1881"]
[BlackElo "1715"]
[PlyCount "98"]
[EventDate "2007.08.24"]

1. e4 e6 2. d3 d5 3. Nd2 c5 4. Ngf3 Nc6 5. g3 Nf6 6. Bg2 Be7 7. O-O O-O 8. Re1
Qc7 9. c3 b6 10. exd5 Nxd5 11. Ne4 Bb7 12. Nfg5 Bxg5 13. Nxg5 Nce7 14. Be4 Nf6
15. Bf4 Qd7 16. Bxb7 Qxb7 17. Be5 Ned5 18. c4 Nb4 19. a3 h6 20. Bxf6 hxg5 21.
Bxg5 Nc6 22. Qf3 Qd7 23. Be3 Ne5 24. Qe4 Nc6 25. Red1 e5 26. b4 f5 27. Qd5+
Qxd5 28. cxd5 Nd4 29. Bxd4 cxd4 30. Rac1 Rad8 31. Rc7 a5 32. bxa5 bxa5 33. Rc5
Rd6 34. Rxa5 Rfd8 35. Rc1 Rxd5 36. Ra7 R5d7 37. Rxd7 Rxd7 38. a4 e4 39. dxe4
fxe4 40. Kf1 d3 41. Rd1 Kf7 42. Ke1 Ke6 43. Kd2 Rf7 44. Rf1 Rf3 45. a5 Kd5 46.
h4 Kc4 47. a6 e3+ 48. Ke1 d2+ 49. Ke2 Rxf2+ 0-1